000 00887cam a2200277 4500
001 1265733
003 OSt
005 20140310182038.0
008 720705s1972 caua bs 001 0 eng
010 _a 74172164
020 _a0063867524
040 _aDLC
_cDLC
_dDLC
050 0 0 _aH 83
_b.P462 1972
082 0 0 _aHS 300
_bP43 1972
100 1 _aPerry, John A.
_q(John Ambrose),
_d1931-
_ecomp.
_910956
245 1 0 _aContemporary society :
_ban introduction to social science /
_c[compiled by] John A. Perry [and] Murray P. Seidler.
260 _aSan Francisco :
_bCanfield Press,
_cc1972.
300 _a676 p. :
_bill. ;
_c26 cm.
350 _a$7.50
500 _aIncludes bibliographies.
650 0 _aSocial sciences.
_910957
700 1 _aSeidler, Murray P.,
_ejoint comp.
_910958
906 _a7
_bcbc
_corignew
_d2
_encip
_f19
_gy-gencatlg
942 _2lcc
_cHS
_kHS
999 _c8741
_d8741